| 000 | 00407nam a2200145 a 4500 | ||
|---|---|---|---|
| 001 | 000033434 | ||
| 005 | 20200930070245.0 | ||
| 008 | 110829s1920 dr 000 0 spa d | ||
| 040 |
_aDO-SdBNP _bspa _cBNPHU |
||
| 082 |
_axxx _bB641e |
||
| 100 | 1 |
_aBlanco Fombona, Horacio _923842 |
|
| 245 | 1 | 0 |
_aEstalactitas / _cHoracio Blanco Fombona. |
| 260 |
_aSanto Domingo : _bLetras, _c1920. |
||
| 300 |
_a100 p. ; _c21 cm. |
||
| 999 |
_c32925 _d32925 |
||